A cross-cultural dialogue on health care ethics /

Bibliographic Details
Other Authors: Coward, Harold G., 1936-, Phinit Rattanakun
Format: Book
Language:English
Published: Waterloo, Ont. : Wilfrid Laurier University Press, 1999.
Subjects:

MARC

Tag First Indicator Second Indicator Subfields
LEADER 00000cam a22000008a 4500
001 in00001504513
005 20151021090817.0
008 990212s1999 onc b 001 0 eng d
010 |a cn 99930548  
015 |a C99-930548-4 
020 |a 0889203253 :  |c $29.95 
035 |a (OCoLC)40940533 
035 |9 AJK0992AM 
040 |a CaOTU  |b eng  |c NLC  |d EXW  |d OCL  |d CDS  |d TXA  |d UtOrBLW 
049 |a TXAM 
055 3 |a R724  |b C76 1999 
082 0 0 |a 174/.2  |2 21 
090 |a R724  |b .C76 1999 
245 0 2 |a A cross-cultural dialogue on health care ethics /  |c edited by Harold Coward and Pinit Ratanakul. 
263 |a 9903 
264 1 |a Waterloo, Ont. :  |b Wilfrid Laurier University Press,  |c 1999. 
336 |a text  |b txt  |2 rdacontent 
337 |a unmediated  |b n  |2 rdamedia 
338 |a volume  |b nc  |2 rdacarrier 
505 0 |a Introduction -- Buddhism, health, disease, and Thai culture -- Concepts of health and disease in traditional Chinese medicine -- Discourses on health: a critical perspective -- Expanding notions of culture for cross-cultural ethics in health and medicine -- Health, health care, and culture: diverse meanings, shared agendas -- Buddhist health care ethics -- Chinese health care ethics -- Secular health care ethics -- Pediatric care: judgments about best interests at the onset of life -- Comparing the participation of Native North American and Euro-North American patients in health care decisions -- End-of-life decisions: clinical decisions about dying and perspectives on life and death -- A critical view of North American health policy -- Threats from the Western biomedical paradigm: implications for Chinese herbology and traditional Thai medicine -- Global challenges: ethical implications of the greening of modern Western medicine. 
504 |a Includes bibliographical references and index. 
650 0 |a Medical ethics. 
650 0 |a Medical care  |v Cross-cultural studies. 
700 1 |a Coward, Harold G.,  |d 1936- 
700 0 |a Phinit Rattanakun. 
948 |a c:ce 
999 |a MARS 
999 f f |s 187a53aa-ff2f-3672-956d-c6f20c21c50e  |i d6e1a5d0-ae5d-37fa-8a8e-73e474592d2d  |t 0 
952 f f |p ric  |a Texas A&M University  |b Rellis Campus  |c Joint Library Facility  |d Remote Storage  |t 0  |e R724 .C76 1999  |h Library of Congress classification  |i unmediated -- volume  |m A14825125084 
998 f f |a R724 .C76 1999  |t 0  |l Remote Storage